000 00573nam a2200193Ia 4500
005 20250508162050.0
008 008 250505s9999 xx 000 0 eng d
020 _a85633-054-X
037 _aTextual
040 _aFEDL
_beng
_cFEDL
041 _aeng
_2eng
084 _a371.1, PAI
_qFEDL
100 _aPaisey H A G
_9772204
245 0 _aBehavioural strategy of teachers in Britain and the United States
260 _aWindsor, England
_bNFER Publishing Company Ltd.
_c1975
300 _a189p
942 _cTEXL
_h371.1, PAI
999 _c1374161
_d1374161